000 01683nam a22002657a 4500
005 20220823153841.0
008 220617t2006 sp ||||gr|||| 00| 0 spa d
020 _a9788431533656
040 _aCO-JMCR
_cCO-JMCR
041 1 _aspa
_heng
082 0 4 _a370.1083 /
_bD375p
_223
100 1 _aDelaroche, Patrick,
_942093
_eautor
245 1 1 _a¡Padres, atreveos a decir no! /
_cPatrick Delaroche ; traducción de Nieves Nueno Cobas
260 _aBarcelona :
_bDe Vecchi,
_c©2006
300 _a251 páginas ;
_c23 cm.
500 _aPatrick Delaroche, psicoanalista y psiquiatra infantil "Tapa posterior".
505 0 _a¿Por qué prohibir? -- A castigar se aprende -- ¿Quién manda? -- El arte y la forma de prohibir -- ¿Y la sexualidad? -- La separación de los padres -- Las pequeñas transgresiones -- La coacción educativa -- ¿A partir de qué momento? -- La educación en la escuela -- Cuando los adultos desvarían -- Poder decir no
520 3 _a"Al establecer los roles y funciones de cada uno frente a la prohibición, así como al defender la necesidad de una educación firme pero sin una severidad excesiva. ¿Acaso no son las prohibiciones las únicas que pueden ayudar al niño a posicionarse más adelante en una sociedad de obligaciones y limitaciones? Recordar esta circunstancias debería evitar ese sentimiento de culpabilidad que tienen muchos padres, victímas de nociones psicológicas a menudo mal entendidas".
546 _aTraducido del inglés.
650 1 4 _942100
650 2 4 _9164
700 1 _aCobas, Nieves Nueno,
_btraductora
_942095
999 _c29509
_d15893